Score 0/20 Timer 04:00
8 Plays Today
% Correct
Charlie Sheen
94.2%
James Gandolfini
92.8%
Kiefer Sutherland
92.5%
Henry Winkler
88.1%
Bryan Cranston
87.2%
Jason Alexander
86.4%
Ed O'Neill
82.1%
Jon Hamm
80.6%
Michael C. Hall
79.4%
Jason Lee
77.4%
% Correct
Larry Hagman
74.5%
Edie Falco
73.1%
George Wendt
71.6%
Mary-Louise Parker
68.2%
Carroll O'Connor
65.5%
Denis Leary
55.7%
Michael Chiklis
53.8%
James Marsters
52.5%
Phil Hartman
50.8%
Katee Sackhoff
48.1%
Remove Ads.
Support Sporcle.
Get the best of Sporcle when you Go Orange. This ad-free experience offers more features, more stats, and more fun while also helping to support Sporcle. Thank you for becoming a member.

You're not logged in!

Compare scores with friends on all Sporcle quizzes.
OR
Log In

Show Comments

Extras

Top Quizzes Today


Score Distribution

Your Account Isn't Verified!

In order to create a playlist on Sporcle, you need to verify the email address you used during registration. Go to your Sporcle Settings to finish the process.

Report this User

Report this user for behavior that violates our Community Guidelines.

Details: